Największe miasta na Sycylii. - Statystyki

Ogólne statystyki
  • Ten quiz został rozwiązany 57 razy
  • Średni wynik to 3 z 5
Statystyki odpowiedzi
Ludność Miasto % Poprawnych
658 tys. Palermo
100%
306 tys. Katania
78%
123 tys. Syrakuzy
63%
246 tys. Mesyna
59%
77 tys. Marsala
27%
Nie znaleziono quizów pasujących do podanych kryteriów
Rozkład punktacji
Procent ludzi z każdym wynikiem
Percentyl według liczby udzielonych odpowiedzi
Twoja historia wyników
Nie rozwiązałeś tego quizu